Ejercicio AXI SA (Registro nro. 35126)

Detalles MARC
000 -LEADER
fixed length control field 00401 a2200121 4500
001 - CONTROL NUMBER
control field ART_50787
005 - DATE AND TIME OF LATEST TRANSACTION
control field 20260410162043.0
008 - FIXED-LENGTH DATA ELEMENTS--GENERAL INFORMATION
fixed length control field 260409a
100 1# - MAIN ENTRY--PERSONAL NAME
Personal name Amaro Gómez, Richard L.
245 10 - TITLE STATEMENT
Title Ejercicio AXI SA
653 ## - INDEX TERM--UNCONTROLLED
Uncontrolled term Se analiza un caso de aplicación práctica del cálculo del ajuste por inflación impositivo
773 0# - HOST ITEM ENTRY
Title Impuestos
Related parts - N° 71 (mar. 2020)
Record control number REV45175

No hay ítems disponibles.